Biggest Cities on Islands - Statistics

General Stats
  • This quiz has been taken 111 times
  • The average score is 14 of 18
Answer Stats
Population Answer % Correct
14.9 mil London
97%
41 mil Tokyo
96%
17.7 mil Osaka
94%
29.2 mil Jakarta
93%
7.85 mil Singapore
89%
27.2 mil Manila
88%
9.95 mil Taipei
87%
3.25 mil Birmingham
77%
3.15 mil Manchester
76%
4.92 mil Colombo
74%
10.5 mil Nagoya
74%
5.9 mil Surabaya
66%
3.05 mil Antananarivo
65%
3.62 mil Port-au-Prince
65%
3.85 mil Santo Domingo
65%
6.95 mil Bandung
62%
27.1 mil Mumbai
47%
4.2 mil Medan
45%
No matching quizzes found
Score Distribution
Percent of People with Each Score
Percentile by Number Answered
Your Score History
You have not taken this quiz